English have a go : Student's cassette

Enregistré dans:
Détails bibliographiques
Format: Livre
Langue:Undetermined
Publié: Oxford Oxford University Press 1996
Sujets:
Tags: Ajouter un tag
Pas de tags, Soyez le premier à ajouter un tag!
Thư viện lưu trữ: Trung tâm Học liệu Trường Đại học Cần Thơ
LEADER 00507nam a2200181Ia 4500
001 CTU_118401
008 210402s9999 xx 000 0 und d
082 |a 428.34 
082 |b E58/Cas.1 
245 0 |a English have a go : 
245 0 |b Student's cassette 
260 |a Oxford 
260 |b Oxford University Press 
260 |c 1996 
650 |a English language,English language 
650 |x Study and teaching,Listening 
904 |i M.Loan 
980 |a Trung tâm Học liệu Trường Đại học Cần Thơ